[Event "5. HSK Weihnachts-Open 2019"]
[Site "Hamburg"]
[Date "2019.12.30"]
[Round "7.25"]
[White "Kock, Rudolf"]
[Black "Schulze, Tim"]
[Result "0-1"]
[WhiteElo "1550"]
[BlackElo "1496"]
[PlyCount "32"]
[EventDate "2019.12.27"]

1. f4 Nh6 2. b3 e5 3. e3 exf4 4. exf4 Qf6 5. Qe2+ Be7 6. Ba3 d6 7. Nc3 O-O 8.
Nd5 Qxa1+ 9. Kf2 Qd4+ 10. Ne3 Bg4 11. Nf3 Bxf3 12. Kxf3 Nc6 13. c3 Qf6 14. g3
Qe6 15. h3 a6 16. c4 Nd4+ 0-1

[Event "5. HSK Weihnachts-Open 2019"]
[Site "Hamburg"]
[Date "2019.12.30"]
[Round "7.26"]
[White "Roth, Paul Konstantin"]
[Black "Mi, Gufeng"]
[Result "1-0"]
[WhiteElo "1501"]
[BlackElo "1541"]
[PlyCount "63"]
[EventDate "2019.12.27"]

1. e4 g6 2. d4 Bg7 3. Nf3 d6 4. Be3 a6 5. c4 c6 6. Nc3 Qa5 7. Qd2 Nd7 8. Bd3 e5
9. d5 c5 10. h4 h6 11. h5 g5 12. Ne2 Qd8 13. O-O-O Ngf6 14. Nxg5 hxg5 15. Bxg5
Bf8 16. Rdg1 a5 17. g4 Qb6 18. Be3 Qb4 19. Nc3 a4 20. a3 Qb3 21. Qe2 Nb6 22. g5
Ng4 23. Rxg4 Bxg4 24. Qxg4 Nd7 25. g6 fxg6 26. Qxg6+ Kd8 27. Bg5+ Kc7 28. f4
exf4 29. Bxf4 Ne5 30. Bxe5 dxe5 31. Nb5+ Kb8 32. Qe8# 1-0

[Event "5. HSK Weihnachts-Open 2019"]
[Site "Hamburg"]
[Date "2019.12.30"]
[Round "7.27"]
[White "Mago, Helmut"]
[Black "Bloh, Fabian"]
[Result "0-1"]
[WhiteElo "1247"]
[BlackElo "1695"]
[PlyCount "42"]
[EventDate "2019.12.27"]

1. c4 e5 2. g3 Nf6 3. Bg2 c6 4. Nc3 Bc5 5. e3 d5 6. cxd5 cxd5 7. d4 exd4 8.
exd4 Be7 9. Nf3 Nc6 10. O-O O-O 11. Re1 h6 12. Qb3 Na5 13. Qc2 Be6 14. Ne5 Rc8
15. b3 b5 16. Qd3 a6 17. Bb2 Nc6 18. Nf3 Qd7 19. Ne5 Qa7 20. Ne2 Nb4 21. Qb1
Nc2 0-1

[Event "5. HSK Weihnachts-Open 2019"]
[Site "Hamburg"]
[Date "2019.12.30"]
[Round "7.29"]
[White "Grunert, Heinrich"]
[Black "Fuhrmann, Jeppe"]
[Result "1/2-1/2"]
[WhiteElo "1239"]
[BlackElo "1327"]
[PlyCount "39"]
[EventDate "2019.12.27"]

1. e4 e5 2. Nf3 Nc6 3. Bc4 Bc5 4. c3 Nf6 5. d4 exd4 6. cxd4 Bb4+ 7. Bd2 Bxd2+
8. Nbxd2 O-O 9. O-O d5 10. e5 dxc4 11. exf6 Qxf6 12. Nxc4 Rd8 13. Re1 Bg4 14.
Re3 Nxd4 15. Rd3 Bxf3 16. gxf3 Nc6 17. Rxd8+ Rxd8 18. Qe2 h6 19. Rd1 Rxd1+ 20.
Qxd1 1/2-1/2

[Event "5. HSK Weihnachts-Open 2019"]
[Site "Hamburg"]
[Date "2019.12.30"]
[Round "7.30"]
[White "Hinrichs, Winfried"]
[Black "Queißer, Jens"]
[Result "1-0"]
[WhiteElo "1493"]
[BlackElo "1429"]
[PlyCount "62"]
[EventDate "2019.12.27"]

1. e4 c6 2. d3 d5 3. Nd2 Nd7 4. Ngf3 e5 5. g3 Ngf6 6. Bg2 Be7 7. O-O O-O 8. Re1
Qc7 9. c3 Re8 10. exd5 cxd5 11. Qb3 Nc5 12. Qc2 Bf5 13. Bf1 e4 14. d4 Nd3 15.
Bxd3 exd3 16. Qd1 Ne4 17. Nxe4 dxe4 18. Ne5 Bd6 19. Qh5 Bg6 20. Nxg6 hxg6 21.
Qd5 Rad8 22. Rxe4 Qc6 23. Qxc6 bxc6 24. Rxe8+ Rxe8 25. Be3 f5 26. Rd1 f4 27.
gxf4 Bxf4 28. Rxd3 Re4 29. Bxf4 Rxf4 30. Rg3 Kf7 31. Kg2 Ke8 1-0